Questions and answers : (Record no. 8543)
[ view plain ]
| 000 -LEADER | |
|---|---|
| fixed length control field | 01745nam a22002417a 4500 |
| 003 - CONTROL NUMBER IDENTIFIER | |
| control field | GBCCL |
| 005 - DATE AND TIME OF LATEST TRANSACTION | |
| control field | 20241126110653.0 |
| 008 - FIXED-LENGTH DATA ELEMENTS--GENERAL INFORMATION | |
| fixed length control field | 210405b ||||| |||| 00| 0 eng d |
| 020 ## - INTERNATIONAL STANDARD BOOK NUMBER | |
| International Standard Book Number | 1565638654 |
| 020 ## - INTERNATIONAL STANDARD BOOK NUMBER | |
| International Standard Book Number | 9781565638655 |
| 040 ## - CATALOGING SOURCE | |
| Transcribing agency | GBC |
| 082 ## - DEWEY DECIMAL CLASSIFICATION NUMBER | |
| Classification number | 296.1206 |
| Item number | NEU |
| 100 ## - MAIN ENTRY--PERSONAL NAME | |
| Personal name | Neusner, Jacob |
| Dates associated with a name | 1932- |
| 9 (RLIN) | 15044 |
| 245 ## - TITLE STATEMENT | |
| Title | Questions and answers : |
| Remainder of title | intellectual foundations of Judaism |
| 260 ## - PUBLICATION, DISTRIBUTION, ETC. | |
| Place of publication, distribution, etc. | Peabody, Mass. : |
| Name of publisher, distributor, etc. | Hendrickson, |
| Date of publication, distribution, etc. | ©2005. |
| 300 ## - PHYSICAL DESCRIPTION | |
| Extent | 1 v. (XXVI-254 p.) ; |
| Dimensions | 22 cm |
| 505 ## - FORMATTED CONTENTS NOTE | |
| Formatted contents note | Defining Rabbinic Judaism --<br/>Sources of Rabbinic Judaism, Scripture and Midrash --<br/>Sources of Rabbinic Judaism, Lore (Aggadah), and the theology of Rabbinic Judaism --<br/>Halakah and the theology of Rabbinic Judaism, how does the Law embody Torah'sh's narrative theology? --<br/>Social doctrines of Rabbinic Judaism, family, gender, virtue, and work --<br/>Rabbinic Judaism and Christianity, points of intersection of two coordinate scriptural systems. |
| 505 ## - FORMATTED CONTENTS NOTE | |
| Formatted contents note | Can someone ever stop being a Jew? How is suffering part of God's plan? When will the Messiah come? How is death overcome? Did Rabbinic Judaism look down on, or subjugate, women? What kinds of actions does God really admire? [In this volume, the author] explains, "Two world religions emerged from antiquity. Each one in its way realized a universal vision of humanity in God's image, after God's likeness. Both spoke of a Messiah, a kingdom of priests, and a holy nation. Both held as God's word the holy Scriptures of ancient Israel. They shared fundamental theological and ethical teachings.-Back cover. |
| 650 ## - SUBJECT ADDED ENTRY--TOPICAL TERM | |
| Topical term or geographic name entry element | Rabbinical literature |
| Form subdivision | History and criticism. |
| 9 (RLIN) | 15045 |
| 650 ## - SUBJECT ADDED ENTRY--TOPICAL TERM | |
| Topical term or geographic name entry element | Judaism |
| Form subdivision | History. |
| 9 (RLIN) | 15046 |
| 650 ## - SUBJECT ADDED ENTRY--TOPICAL TERM | |
| Topical term or geographic name entry element | Jews |
| Form subdivision | History. |
| 9 (RLIN) | 8521 |
| 942 ## - ADDED ENTRY ELEMENTS (KOHA) | |
| Source of classification or shelving scheme | Dewey Decimal Classification |
| Koha item type | Books |
| Withdrawn status | Lost status | Source of classification or shelving scheme | Damaged status | Not for loan | Home library | Current Library | Shelving location | Date acquired | Total checkouts | Full call number | Barcode | Date last seen | Date last checked out | Copy number | Price effective from | Koha item type |
|---|---|---|---|---|---|---|---|---|---|---|---|---|---|---|---|---|
| Dewey Decimal Classification | GRACE BIBLE COLLEGE | GRACE BIBLE COLLEGE | Philosophy and Religion | 2021-04-05 | 1 | 296.1206 NEU | 020182 | 2025-09-02 | 2025-08-29 | c.1 | 2021-04-05 | Books |